000 01028nam a22002537a 4500
005 20170124110152.0
010 _aB-132655
020 _c00.00
_a0070594007
035 _aB-132655
037 _bCen Lib/Ret
040 _aDPL
_bEN
082 _a658.3124
_bAST
245 _aThe ASTD handbook of training design and delivery :
_cedited by George M.Piskurich,Peter Beckschi [and] Brandon Hall
_ba comprehensive guide to creating and delivering training programs, instructor-led, computer-based, or self-directed /
260 _aNew Delhi
_bTata McGraw-Hill Publishing Company
_c2000
270 _a7 West Patel Nagar
_bNew Delhi
_e110008
300 _axxiii,530p.
_c25cm(Hb)
500 _aIncludes bibliographical references and index
650 _aAdult learning
_934186
650 _aInstructional systems -Design -- Handbooks, manuals, etc
_934187
700 _aPiskurich, George M.
_934188
700 _aBeckschi, Peter
_934189
700 _aHall, Brandon
_934190
942 _2ddc
_cEN
_h658.3124
_mAST
999 _c132273
_d132273